000 00550nam a2200205Ia 4500
003 OSt
005 20220925204728.0
006 a|||||r|||| 00| 0
007 ta
008 220923b |||||||| |||| 00| 0 eng d
037 _cGeneral Book
040 _aRTL
_cRTL
_beng
041 _2eng
_aeng
082 _aE.236sN, L7.SUR
245 0 _aGAZETTEERS OF India. Gujrat
_b Surendranagar
260 _aGujrat
_bGovt. Press
_c1977
650 _aGAZETTEER
942 _hE.236sN, L7.SUR
_cGB
_2CC
999 _c550228
_d550228